00396nam a2200145Ia 450000500170000000800410001702000150005808200130007310000190008624500430010526000370014830000180018565000270020365000200023020250305023245.0240331s9999 xx 000 0 und d a9558309036 bSENa954 aSeneviratne, M 2aA lasting storm :bSri Lanka 1948-2001 aColombobWimal Enterprisesc2000 aiii, 165 p ., a British colonization aSri Lankan Army